000 00710nam a2200229 i 4500
001 37207
003 ES-MaACL
005 20260129180907.0
007 t|
008 030220s1972 sp ||||1| spa d
100 1 _aBuck, Pearl S. (
_d1892-1973)
_932316
245 1 4 _aLas mujeres Kennedy /
_cPearl S. Buck ; [traducción de Ángela Pérez].
250 _a1ª ed.
260 _a[Barcelona] :
_bDopesa,
_c1972.
300 _a189 p., 14 lám. ;
_c22 cm.
490 1 _aTestimonio de actualidad ;
_v17
600 3 4 _aKennedy (Familia)
_9158701
700 1 _aPérez Gómez, Ángela
_990555
830 1 _aTestimonio de actualidad
_v17
_9181695
852 4 _aES-MaACL
_jC-42945
999 _c37207
_d37207